01647cam a2200349 a 4500999001700000001000900017003000400026005001700030008004100047010001700088015001900105016001800124020002600142020002300168035002400191040005900215043001200274050002200286082001800308100002200326245008800348260005500436300005300491504006400544505038800608650003500996650003201031651003001063906004501093942003401138952012501172 c23686d2368615521592OSt20170127090121.0081114s2009 ctuabe b 001 0 eng  a 2008049849 aGBA9060592bnb7 a0148834322Uk a9780300141566 (cloth) a0300141564 (cloth) a(OCoLC)ocn262432372 aDLCcDLCdBTCTAdYDXCPdUKMdBWKUKdBWKdBWXdCDXdDLC af-et---00aNA6086b.P49 200900a726.509632221 aPhillipson, D. W.10aAncient churches of Ethiopia :bfourth-fourteenth centuries /cDavid W. Phillipson. aNew Haven, Conn. :bYale University Press,cc2009. axiii, 230 p. :bcol. ill., maps, plans ;c29 cm. aIncludes bibliographical references (p. 210-223) and index.0 aEthiopian history and Christianity -- Aksumite Christianity and churches -- Late- and post-Aksumite built churches -- Rock-hewn churches -- Lalibela : eastern complex and Beta Giyorgis -- Lalibela : northern complex and conclusions -- Chronology and affinities of ancient Ethiopian churches -- Appendix A : early travellers at Lalibela : a historical survey -- Appendix B : glossary. 0aChurch architecturezEthiopia. 0aChurch buildingszEthiopia. 0aEthiopiaxChurch history. a7bcbccorignewd1eecipf20gy-gencatlg 2lcccBOOKShNA 6086 .P49 2009 00102lcc4070aMUCbMUCcTECHd2017-01-27eDonation(B.F.A)l0oNA 6086 .P49 2009p32507r2018-09-13w2017-01-27yBOOKS